Annual review of astronomy and astrophysics (Record no. 6447)
[ view plain ]
| 000 -LEADER | |
|---|---|
| fixed length control field | 00591nam a2200181Ia 4500 |
| 003 - CONTROL NUMBER IDENTIFIER | |
| control field | IN-BaIIA |
| 008 - FIXED-LENGTH DATA ELEMENTS--GENERAL INFORMATION | |
| fixed length control field | 211028s9999 xx 000 0 eng d |
| 020 ## - INTERNATIONAL STANDARD BOOK NUMBER | |
| International Standard Book Number | 0-8243-0917-0 |
| 040 ## - CATALOGING SOURCE | |
| Transcribing agency | IIA Library |
| 080 ## - UNIVERSAL DECIMAL CLASSIFICATION NUMBER | |
| Universal Decimal Classification number | 047.1:52 |
| Item number | ARA-17 |
| 100 ## - MAIN ENTRY--PERSONAL NAME | |
| Personal name | Burbidge, G |
| 9 (RLIN) | 11062 |
| 245 #0 - TITLE STATEMENT | |
| Title | Annual review of astronomy and astrophysics |
| Remainder of title | vol. 17 |
| Statement of responsibility, etc. | G. Burbidge |
| 260 ## - PUBLICATION, DISTRIBUTION, ETC. | |
| Place of publication, distribution, etc. | California |
| Name of publisher, distributor, etc. | Annual Reviews |
| Date of publication, distribution, etc. | 1979 |
| 300 ## - PHYSICAL DESCRIPTION | |
| Extent | 585p. |
| 650 ## - SUBJECT ADDED ENTRY--TOPICAL TERM | |
| Topical term or geographic name entry element | Annual Reviews-Astronomy and Astrophysics |
| 9 (RLIN) | 8535 |
| 650 ## - SUBJECT ADDED ENTRY--TOPICAL TERM | |
| Topical term or geographic name entry element | Astronomy and Astrophysics Thesaurus |
| 942 ## - ADDED ENTRY ELEMENTS (KOHA) | |
| Koha item type | Books |
| Withdrawn status | Lost status | Damaged status | Not for loan | Home library | Current library | Shelving location | Date acquired | Total Checkouts | Full call number | Barcode | Date last seen | Price effective from | Koha item type | Purchase Price |
|---|---|---|---|---|---|---|---|---|---|---|---|---|---|---|
| IIA Library-Bangalore | IIA Library-Kavalur | General Stacks | 28/01/1980 | 047.1:52/ ARA-17 | 7179 | 05/11/2021 | 28/01/1980 | Books | 17.5 |